Deutsche Bundesländer durch Grenzländer - Statistiken

Allgemein
  • Dieses Quiz wurde 244 mal gespielt
    178 seit der letzten Aktualisierung
  • Das Durchschnittsergebnis liegt bei 15 aus 16
Antwortstatistiken
Grenzländer Bundesland % Korrekt
Baden-Württemberg, Hessen, Thüringen, Sachsen Bayern
97%
Schleswig-Holstein, Niedersachsen Hamburg
97%
Nordrhein-Westfalen, Hessen, Baden-Württemberg, Saarland Rheinland-Pfalz
97%
Niedersachsen, Brandenburg, Sachsen, Thüringen Sachsen-Anhalt
97%
Brandenburg Berlin
95%
Schleswig-Holstein, Niedersachsen, Brandenburg Mecklenburg-Vorpommern
95%
Hamburg, Schleswig-Holstein, Mecklenburg-Vorpommern, Brandenburg, Sachsen-Anhalt, Thüringen, Hessen, Nordrhein-Westfalen, Bremen Niedersachsen
94%
Rheinland-Pfalz, Hessen, Bayern Baden-Württemberg
93%
Niedersachsen Bremen
93%
Nordrhein-Westfalen, Niedersachsen, Thüringen, Bayern, Baden-Württemberg, Rheinland-Pfalz Hessen
93%
Rheinland-Pfalz Saarland
93%
Niedersachsen, Hessen, Rheinland-Pfalz Nordrhein-Westfalen
91%
Bayern, Thüringen, Sachsen-Anhalt, Brandenburg Sachsen
90%
Niedersachsen, Hamburg, Mecklenburg-Vorpommern Schleswig-Holstein
90%
Niedersachsen, Sachsen-Anhalt, Sachsen, Bayern, Hessen Thüringen
90%
Niedersachsen, Mecklenburg-Vorpommern, Berlin, Sachsen, Sachsen-Anhalt Brandenburg
89%
Keine übereinstimmenden Quizze gefunden
Verteilung der Resultate
Anzahl Personen mit jedem Resultat
Perzentil nach korrekt beantworteten Fragen
Ihre Resultats-Entwicklung
Sie haben dieses Quiz seit der letzten Aktualisierung nicht gespielt